000
00305nam a22001217a 4500
020
_a
9781439854235
082
_a
664
_b
ZHA/SP
245
_a
Specialty Foods :Processing Technology, Quality, and Safety
260
_a
Boca Raton
_b
CRC Press
_c
2012
300
_a
344
700
_a
Zhao,Yanyun
_9
949
942
_c
BK
999
_c
14546
_d
14546